Melodie sacre per coro a 4 voci sole e a 2 voci con organo (Record no. 103079)

MARC details
000 -LEADER
fixed length control field 01236njm a2200289Ia 4500
001 - CONTROL NUMBER
control field 25952
003 - CONTROL NUMBER IDENTIFIER
control field IT-RoPAU
005 - DATE AND TIME OF LATEST TRANSACTION
control field 20220918181202.0
008 - FIXED-LENGTH DATA ELEMENTS--GENERAL INFORMATION
fixed length control field 131025s9999 xx 000 0 und d
040 ## - CATALOGING SOURCE
Original cataloging agency IT-RoPAU
040 ## - CATALOGING SOURCE
Transcribing agency IT-RoPAU
041 ## - LANGUAGE CODE
Language code of text/sound track or separate title LATINO
999 ## - SYSTEM CONTROL NUMBERS (KOHA)
Koha Dewey Subclass [OBSOLETE] n.d.
100 ## - MAIN ENTRY--PERSONAL NAME
Personal name Perosi Lorenzo
9 (RLIN) 1325
100 ## - MAIN ENTRY--PERSONAL NAME
Relator term Autore musica
9 (RLIN) 15027
100 ## - MAIN ENTRY--PERSONAL NAME
Miscellaneous information Codice autore musica SPICS: 8117
9 (RLIN) 1327
245 ## - TITLE STATEMENT
Title Melodie sacre per coro a 4 voci sole e a 2 voci con organo
250 ## - EDITION STATEMENT
Edition statement 1a ed.
260 ## - PUBLICATION, DISTRIBUTION, ETC. (IMPRINT)
Place of publication, distribution, etc. ITALIA
260 ## - PUBLICATION, DISTRIBUTION, ETC. (IMPRINT)
Name of publisher, distributor, etc. PAB - MUSICA SACRA
300 ## - PHYSICAL DESCRIPTION
Extent DISCO
500 ## - GENERAL NOTE
General note Musica sacra
505 ## - FORMATTED CONTENTS NOTE
Formatted contents note Credidi, salmo a 2 voci e organo - Lauda Jerusalem, salmo a 2 voci e organo - O cor Jesu, mottetto a 2 voci e organo - Tantum Ergo, inno a 4 voci sole - O salutaris hostia, inno a 4 voci sole - Beati qui lugent, mottetto a 2 voci e organo - Felix namque es, mottetto a 2 voci e organo - Venite ad me omnes, mottetto a due voci e organo - Recordare, virgo mater, mottetto a 2 voci e organo - Sacerdotes Domini, mottetto a 2 voci e organo
511 ## - PARTICIPANT OR PERFORMER NOTE
Participant or performer note Cantori della Polifonica Ambrosiana diretta da Biella Giuseppe
650 ## - SUBJECT ADDED ENTRY--TOPICAL TERM
Topical term or geographic name as entry element MUSICA SACRA [DISCHI]
Relator term Codice MATERIA SPICS: 9950
9 (RLIN) 7174
942 ## - ADDED ENTRY ELEMENTS (KOHA)
Koha item type DISCHI
Source of classification or shelving scheme Dewey Decimal Classification
Holdings
Withdrawn status Lost status Damaged status Not for loan Home library Current library Date acquired Total Checkouts Full call number Date last seen Price effective from Koha item type Public note
    Buone Condizioni Not For Loan SPICS-MEDIATECA SPICS-MEDIATECA 25/10/2013   25952 25/10/2013 25/10/2013 DISCHI Progr. Ins.: 5825 / N.Vol.: 1 / Copie: 1 - Copia rara: n.d. / date import: 01.01.2014 - By Epidotti, Trombetti, Vaglietti
CREDITS: SOCIETA' SAN PAOLO Via A.Severo, 58 - ROMA (RM) & PERIODICI SAN PAOLO SRL Via Giotto, 36 MILANO & CISF Via Giotto, 36 MILANO & EDIZIONI SAN PAOLO SRL,  Piazza Soncino, 5 CINISELLO BALSAMO (MI) -- ITALY